| 000 | 00695nam a22002055i 4500 | ||
|---|---|---|---|
| 001 | 177208 | ||
| 003 | ES-MaACL | ||
| 005 | 20251004063222.0 | ||
| 008 | 110308s1949 sp o |||| | spa d | ||
| 080 | _a726.6(460.182 B.) | ||
| 100 | 1 |
_aHuidobro Serna, Luciano, _d1874-1958 _964667 |
|
| 245 | 1 | 3 |
_aLa catedral de Burgos / _cpor Luciano Huidobro. |
| 260 |
_aMadrid : _bPlus-Ultra, _cimp. 1949. |
||
| 300 |
_a157 p. : _bfot. bl. y n. ; _c22 cm. |
||
| 490 | 1 |
_aLos monumentos cardinales de España ; _v8 |
|
| 610 | 2 | 4 |
_aCatedral de Burgos _92513 |
| 830 | 0 |
_aLos monumentos cardinales de España ; _v8 _9190368 |
|
| 852 |
_aES-MaACL _jE-14621 _xOlim P-1021 |
||
| 999 |
_c177208 _d177208 |
||